书目信息 |
| 题名: |
以情促思 “字”得其乐
|
|
| 作者: | 李美华 主编 | |
| 分册: | ||
| 出版信息: | 长沙 中南大学出版社 2019.09 |
|
| 页数: | 323页 | |
| 开本: | 24cm | |
| 丛书名: | 名师工作室书系 | |
| 单 册: | ||
| 中图分类: | G623.202 | |
| 科图分类: | ||
| 主题词: | 小学语文课--课堂教学--教学研究 | |
| 电子资源: | ||
| ISBN: | 978-7-5487-3744-5 | |
| 000 | 00980oam2 2200265 450 | |
| 001 | 0103152702 | |
| 005 | 20201103152733.0 | |
| 010 | @a978-7-5487-3744-5@dCNY40.00 | |
| 100 | @a20200509d2019 em y0chiy50 ea | |
| 101 | 0 | @achi |
| 102 | @aCN@b430000 | |
| 105 | @aa z 000yy | |
| 106 | @ar | |
| 200 | 1 | @a以情促思 “字”得其乐@Ayi qing cu si “ zi ” de qi le@e李美华小学语文名师工作室课堂研究实践探索@f李美华主编 |
| 210 | @a长沙@c中南大学出版社@d2019.09 | |
| 215 | @a323页@c照片@d24cm | |
| 225 | 2 | @a名师工作室书系 |
| 300 | @a湖南省教育科学“十三五”规划课题小学低年级语文识字教学的“情思课堂”实践研究成果 | |
| 330 | @a本书共分8章,分别为汉语拼音教学、识字课教学、阅读课文识字教学、识字与语文园地教学、识字与口语交际教学、识字与习作指导教学等。 | |
| 461 | 0 | @12001 @a名师工作室书系 |
| 606 | 0 | @a小学语文课@x课堂教学@x教学研究 |
| 690 | @aG623.202@v5 | |
| 701 | 0 | @a李美华@Ali mei hua@4主编 |
| 801 | 0 | @aCN@bBJSZM@c20201103 |
| 905 | @b1258011-5@dG623.202@e1083@f5 | |
| 以情促思 “字”得其乐:李美华小学语文名师工作室课堂研究实践探索/李美华主编.-长沙:中南大学出版社,2019.09 |
| 323页:照片;24cm.-(名师工作室书系) |
| 湖南省教育科学“十三五”规划课题小学低年级语文识字教学的“情思课堂”实践研究成果 |
| ISBN 978-7-5487-3744-5:CNY40.00 |
| 本书共分8章,分别为汉语拼音教学、识字课教学、阅读课文识字教学、识字与语文园地教学、识字与口语交际教学、识字与习作指导教学等。 |
| ● |
| 相关链接 |
|
|
|
|
正题名:以情促思 "字"得其乐
索取号:G623.202/1083
 
预约/预借
| 序号 | 登录号 | 条形码 | 馆藏地/架位号 | 状态 | 备注 |
| 1 | 1258011 | 212580116 | 第一样本阅览室/ [索取号:G623.202/1083] | 在馆 | |
| 2 | 1258012 | 212580125 | 教育系资料室/ [索取号:G623.202/1083] | 在馆 | |
| 3 | 1258013 | 212580134 | 教育系资料室/ [索取号:G623.202/1083] | 在馆 | |
| 4 | 1258014 | 212580143 | 第四借阅区/ [索取号:G623.202/1083] | 在馆 | |
| 5 | 1258015 | 212580152 | 第四借阅区/ [索取号:G623.202/1083] | 在馆 |